Bilecik Bilecik Bilecik Bilecik Bilecik

İktisat metodolojisi ve düşünce tarihi/ (Record no. 9423)

MARC details
000 -BAŞLIK
Sabit Uzunluktaki Kontrol Alanı 01744nam a22003017a 4500
001 - KONTROL NUMARASI
Control Dosyası 0009451
003 - KONTROL NUMARASI KİMLİĞİ
Kontrol Alanı KOHA_MİRAKIL
005 - EN SON İŞLEM TARİHİ ve ZAMANI
Kontrol Alanı 20260207001709.0
007 - FİZİKSEL TANIM SABİT ALAN - GENEL BİLGİ
Sabit uzunluklu kontrol alanı ta
008 - SABİT UZUNLUKTAKİ VERİ ÖGELERİ - GENEL BİLGİ
Sabit Alan 091020b2005 tu |||gr||||#||||0|tur |
020 ## - ISBN - ULUSLARARASI STANDART KİTAP NUMARASI
Isbn 9754375046
040 ## - KATALOGLAMA KAYNAĞI
Özgün Kataloglama Kurumu TR-BiSEU
Kataloglama Dili tur
Çeviri Kurumu TR-BiSEU
Açıklama Kuralları rda
041 0# - DİL KODU
Metin ya da ses kaydının dil kodu tur
044 ## - YAYINLAYAN/ÜRETEN KURULUŞUN ÜLKE KODU
ISO country code tu
050 ## - SINIFLAMA ve YER NUMARASI
Sınıflama Numarası HB71
Yer Numarası .S23 2005
100 1# - KİŞİ ADI
Yazar Adı (Kişi adı) Sayar, Ahmed Güner.
245 1# - ESER ADI BİLDİRİMİ
Başlık İktisat metodolojisi ve düşünce tarihi/
Sorumluluk Bildirimi Ahmed Güner Sayar ; Ahmed Güner Sayar.
264 #1 - ÜRERİM, YAYIN, DAĞITIM ve TELİF BİLDİRİMİ
Yayın yeri İstanbul :
Yayınlayan Ötüken
Yayın tarihi 2005
300 ## - FİZİKSEL TANIMLAMA
Sayfa, Cilt vb. 283 sayfa
336 ## - İÇERİK TÜRÜ
Content type term metin
Content type code txt
Source rdacontent
337 ## - MEDYA TÜRÜ
Media type term aracısız
Media type code n
Source rdamedia
338 ## - TAŞIYICI TÜRÜ
Carrier type term cilt
Carrier type code nc
Source rdacarrier
490 1# - DİZİ BİLDİRİMİ
Dizi Bildirimi Ötüken ;
Cilt Numarası 588, Kültür Serisi ;
-- 266.
505 ## - İÇİNDEKİLER NOTU
İçindekiler Notu İktisadî bilgi birikiminin tahlilinde sağlıklı bir metod anlayışına duyulan ihtiyacı vurgulayan bir eserdir. Paralel metinlerde bu çağrıya iktisadî düşünce tarihimizle ilgili tespitler eşlik eder. Metod münakaşalarının aydınlığında, somut iktisadî meselelerin çözümü için kurgulanmış teorik yapıların şekillenmesinde teoriyi inşa etmeden bir adım önde kurgulanacak olan 'norm'un metafizik tuzaklardan arındırılmasının önemi vurgulanır. Bir iktisatçının karşılaştığı meseleler karşısında nasıl tavır alması gerektiği, hangi usûl ve esaslar çerçevesinde görüşlerini belirleyip geliştirmesi gerektiği izah edilir. Dikkat edilmesi ve ihmal edilmesi gereken düşünme ve davranış tarzları betimlenir. Eser bir bakıma iktisatçılığa giden yoldaki zemin kayganlığını giderme çabasıdır.
650 #0 - KONU BAŞLIĞI EK GİRİŞ - KONU TERİMİ
Konusal terim veya coğrafi ad Economics--Methodology.
9 (RLIN) 23416
830 1# - SERİ EK GİRİŞİ - TEKBİÇİM ESER ADI
Tekbiçim Başlık Ötüken ;
Volume number/sequential designation 588, Kültür Serisi ;
-- 266.
9 (RLIN) 23324
942 ## - EK GİRİŞ ÖGELERİ (KOHA)
Source of classification or shelving scheme Library of Congress Classification
Koha item type Book
Holdings
Materyal Türü Kalıcı Konum Mevcut Konum Raf Yeri Sınıflandırma Kaynağı Edinim Bilgisi Ana Konular Alt Konular Yer Numarası Demirbaş Numarası Fatura Tarihi Maliyet, Alış Fiyatı Maliyet, Yenileme Fiyatı Geri Çekilme Durumu Kayıp Durumu Hasarlı Durumu Kredi için değil Kayıt Tarih Toplam Ödünçverme Son Görülme Tarihi Son Kontrol Tarihi Genel / Bağış Notu
Book Prof. Dr. Azmi Özcan Kütüphanesi Prof. Dr. Azmi Özcan Kütüphanesi Uluğbey Salonu Library of Congress Classification Bağış SOSYAL BİLİMLER Ekonomi Teorisi, Demografi HB71 .S23 2005 0009451 13/08/2010 14.00 14.00         20/10/2009 2 05/12/2024 05/12/2024 Ötüken Yayınevi